[Event "World Chess Candidates 2018"]
[Site "Berlin"]
[Date "2018.03.10"]
[Round "1"]
[White "Kramnik, Vladimir"]
[Black "Grischuk, Alexander"]
[Result "1-0"]
[WhiteElo "2800"]
[BlackElo "2767"]
[Annotator "TA"]
[PlyCount "95"]
[EventDate "2018.??.??"]
[EventType "tourn"]
[EventCountry "GER"]

{[%evp 14,95,0,0,0,0,0,0,10,10,6,12,10,12,8,-8,9,0,11,0,2,0,14,0,0,0,0,-8,0,0,0,0,47,53,88,55,120,114,120,28,30,51,54,39,82,31,56,33,55,51,52,53,54,46,104,80,87,24,32,45,42,24,88,95,100,97,113,110,113,112,110,113,210,211,232,226,215,210,326,314,319,296,475,466]} 1. d4 Nf6 2. Nf3 g6 3. b3 c5 4. dxc5 Qa5+ 5. Nbd2 Qxc5 6. Bb2 {A48: 1 d4 Nf6 2 Nf3 g6: Torre, London and Colle Systems} Bg7 7. e3 O-O 8. c4 {LiveBook: 5 Games. The position is equal.} b6 $146 ({Predecessor:} 8... d6 9. Be2 Nbd7 10. O-O b6 11. Rc1 {1-0 (94) Grachev,B (2655)-Chatalbashev,B (2552) Astana 2017}) 9. Be2 Bb7 10. O-O Qc7 11. Rc1 d6 12. Nb1 Nbd7 13. Nc3 Rac8 14. Rc2 Qb8 15. Qa1 a6 16. Rd2 Rfe8 17. Rfd1 Ba8 18. Ng5 {[%cal Bf3g5,Bg5h3,Bh3f4][%mdl 32]} Rc5 19. Nh3 b5 20. Nf4 bxc4 21. Bxc4 Rg5 22. Ncd5 Ne5 23. Be2 $36 {[%mdl 2048] White has good play.} Ne4 24. Rd4 Nc5 (24... Nf6 $1 $14) 25. h4 $16 Rf5 26. e4 (26. g4 $16 Rxf4 27. exf4 (27. Rxf4 e6 $16)) 26... Rxf4 $1 $11 ({Don't go for} 26... Nxe4 $2 27. Rxe4 Bh6 28. Rb4 $18 (28. Bxa6 Rxf4 29. Rxf4 Bxd5 $16)) 27. Nxf4 Nxe4 28. Nd5 ({Reject} 28. Bxa6 Ng4 $11) 28... Nc5 29. Rb4 ({White should play} 29. h5 $16) 29... Qa7 $14 30. Ne3 a5 31. Rb5 {Hoping for Bd4.} Ne6 32. Rxe5 dxe5 33. Bxe5 Qc5 ({Black should try} 33... Bxe5 $14 34. Qxe5 Qc5) 34. Bxg7 $16 Nxg7 35. Qd4 (35. Rc1 $16 Qd6 36. Qc3) 35... Qxd4 $11 36. Rxd4 Bc6 $1 37. Rd2 Rb8 (37... Ne6 $11) 38. Rc2 $1 $16 {[%cal Rc2c6]} Be8 39. Rc7 Kf8 {[#]} 40. Ra7 $1 a4 41. bxa4 Rb1+ 42. Kh2 Rb4 (42... Rb2 $16 {keeps fighting.} 43. Bc4 Rxf2) 43. a5 $18 {[%cal Ba4a5,Ba5a6][%mdl 32]} Rxh4+ {[#]} 44. Kg1 $1 Ra4 45. Bc4 Bc6 (45... Ne6 {was worth a try.} 46. Bb3 Rd4) 46. Rc7 Be8 47. a6 Nh5 $2 (47... Ra5 48. a7 Ne6 49. Bxe6 fxe6) 48. Nd5 {Precision: White = 49%, Black = 51%.} 1-0

[Event "World Chess Candidates 2018"]
[Site "Berlin"]
[Date "2018.03.10"]
[Round "1"]
[White "Aronian, Levon"]
[Black "Ding, Liren"]
[Result "1/2-1/2"]
[WhiteElo "2794"]
[BlackElo "2769"]
[Annotator "TA"]
[PlyCount "43"]
[EventDate "2018.??.??"]
[EventType "tourn"]
[EventCountry "GER"]

{[%evp 13,43,9,50,-8,15,0,19,0,0,1,47,42,32,28,60,67,64,12,9,-6,0,0,0,0,123,30,30,0,122,0,30,-4]} 1. c4 Nf6 2. Nc3 e6 3. e4 d5 4. e5 d4 5. exf6 dxc3 6. bxc3 Qxf6 7. d4 b6 8. h4 {A18: English Opening: Flohr-Mikenas System (1 c4 Nf6 2 Nc3 e6 3 e4)} (8. Be2 $14) (8. Be2 Bb7 9. Bf3 Bxf3 10. Nxf3 Bd6 11. Qa4+ c6 12. O-O O-O 13. Rb1 Bc7 14. Re1 Rc8 15. Kh1 Qf5 {½-½ (26) Svidler,P (2763)-Ding,L (2774) Palma de Mallorca 2017}) 8... Bb7 9. Bg5 Qf5 10. Bd3 $146 {The position is equal.} ({Predecessor:} 10. Rh3 h6 11. Bd3 Qa5 12. Bd2 Nd7 13. Nf3 O-O-O 14. Kf1 Be7 15. h5 Nc5 {1-0 (31) Budczies,J-Vogt,L (2500) Bochum 1990}) 10... Qa5 11. Kf1 Nc6 12. Rb1 f6 (12... Qxc3 13. d5 $15) 13. Bd2 $36 {[%mdl 2048] White has the initiative.} O-O-O 14. a4 $1 e5 15. c5 (15. Rh3 $14) 15... Bxc5 $1 $11 16. Rb5 Qa6 17. Rh3 Bxd4 $1 {Hoping for ...Bc5.} 18. Be2 Rd6 {[#]} ({Wrong is} 18... Bc5 $2 19. Rxc5 $1 {[%mdl 512]} Rxd2 20. Qxd2 $18) (18... Ba8 $1 $11 {keeps the balance.}) 19. Rb1 ({And not} 19. cxd4 Nxd4 20. Bd3 Ne6 $15) ({Better is} 19. Rb2 $1 $16 Qa5 20. cxd4) 19... Qa5 $1 {[%cal Ra5d5] Threatens to win with ...Qd5.} 20. Rb5 (20. cxd4 $11 Qd5 21. Nf3) 20... Qa6 $16 21. Rb1 (21. cxd4 Nxd4 22. Bd3 Ne6 $15) ({White should try} 21. Rb2 $16 Qa5 22. cxd4) 21... Qa5 $1 $11 {[%cal Ra5d5] ...Qd5 is the strong threat.} 22. Rb5 {Precision: White = 39%, Black = 63%.} 1/2-1/2

[Event "World Chess Candidates 2018"]
[Site "Berlin"]
[Date "2018.03.10"]
[Round "1"]
[White "Caruana, Fabiano"]
[Black "So, Wesley"]
[Result "1-0"]
[WhiteElo "2784"]
[BlackElo "2799"]
[Annotator "TA"]
[PlyCount "65"]
[EventDate "2018.??.??"]
[EventType "tourn"]
[EventCountry "GER"]

{[%evp 21,65,2,18,12,0,0,18,13,23,11,12,23,10,18,12,1,26,23,18,26,78,75,64,66,71,70,141,136,110,109,132,121,120,112,107,119,210,153,427,425,1274,1272,1157,1145,1849,1729]} 1. d4 Nf6 2. c4 e6 3. g3 Bb4+ 4. Bd2 Be7 5. Bg2 d5 6. Nf3 O-O 7. O-O c6 8. Qb3 Nbd7 9. Bf4 a5 {E07: Closed Catalan: Main Line (5 Nf3 0-0 6 0-0 Nbd7)} 10. Rd1 Nh5 $146 ({Predecessor:} 10... b5 11. c5 Ba6 12. Qc2 b4 13. Bf1 Ne4 14. Nbd2 f5 15. Ne5 Nxe5 16. Bxe5 Nxd2 17. Qxd2 {½-½ (35) Mamedyarov,S (2775)-Kovalenko,I (2644) Riga 2013}) 11. Bc1 Nhf6 {LiveBook: 3 Games. The position is equal.} 12. Nbd2 b5 13. c5 b4 14. Qc2 a4 15. Re1 {[#]} e5 $1 {[%mdl 512]} 16. Nxe5 (16. dxe5 Ng4) 16... Nxe5 17. dxe5 Nd7 18. Nf3 Bxc5 19. Ng5 {[%csl Gg5][%cal Rc2h7]} g6 20. Bf4 {Hoping for e6.} Qb6 (20... Qe7 $11 {keeps the balance.}) 21. e4 $16 b3 22. axb3 axb3 23. Qe2 $1 Ba6 ({Black should play} 23... Rxa1 $1 $14 24. Rxa1 Nxe5) 24. Qf3 $1 Bc4 25. Rxa8 Rxa8 26. e6 dxe4 27. exf7+ $40 {[%mdl 128] White wants a kill.} Bxf7 28. Nxe4 Bd4 {[#]} (28... Re8 $16) 29. Nd6 $1 $18 {[%cal Rd6f7]} Bd5 $2 (29... Nf6 $16 {was necessary.}) 30. Qe2 {Black must now prevent Bxd5+.White is clearly winning.} Nf8 {[#]} (30... Qc5 $142 31. Rc1 Bxf2+ 32. Qxf2 Qxf2+ 33. Kxf2 Bxg2 34. Kxg2 Ra2) 31. Bxd5+ $1 cxd5 32. Qf3 Qa5 33. Re7 {Precision: White = 89%, Black = 31%.} 1-0

[Event "World Chess Candidates 2018"]
[Site "Berlin"]
[Date "2018.03.10"]
[Round "1"]
[White "Karjakin, Sergey"]
[Black "Mamedyarov, Shakhriyar"]
[Result "0-1"]
[WhiteElo "2763"]
[BlackElo "2809"]
[Annotator "TA"]
[PlyCount "142"]
[EventDate "2018.??.??"]
[EventType "tourn"]
[EventCountry "GER"]

{[%evp 12,142,31,29,41,46,39,37,45,32,26,33,35,-14,-12,-5,-19,-35,3,0,1,-14,-16,-14,0,0,0,0,0,0,0,0,0,-8,-2,-2,-3,-16,-3,-10,-12,-33,-39,-126,-75,-124,-114,-103,-105,-124,-122,-110,-60,-124,-82,-112,-115,-113,-113,-113,-110,-126,-113,-126,-18,-31,-6,-8,-6,-6,-6,-6,0,-6,-6,-6,-6,-60,-60,-75,-75,-75,-56,-75,-56,-56,-57,-213,-212,-759,-423,-228,-377,-1089,-1094,-333,-6,-41,-46,-49,-49,-42,-6,-7,-2,-1131,-602,-881,-831,-2425,-1160,-1950,-432,-3673,-1796,-5684,-29945,-29947,-29944,-29947,-29949,-29942,-12850,-1569,-1283,-29960,-12275,-29983,-29985,-29987,-29988,-29988,-29989]} 1. e4 e5 2. Nf3 Nc6 3. Bb5 g6 4. c3 {[%cal Bc2c3,Bc3d4][%mdl 32]} a6 (4... d6 5. d4 Bd7 6. O-O Bg7 7. Be3 Nf6 8. dxe5 dxe5 9. Nbd2 O-O 10. Re1 Re8 11. h3 h6 12. a4 a6 13. Bc4 b6 14. b4 Qc8 15. a5 bxa5 16. bxa5 {½-½ (24) Tari,A (2597)-Kamsky,G (2677) Moscow 2018}) 5. Bxc6 dxc6 6. d4 {C60: Ruy Lopez: Unusual Black 3rd moves and 3...g6} exd4 7. cxd4 {LiveBook: 5 Games} Bg4 8. Qb3 {White is slightly better.} Bxf3 9. gxf3 Bg7 10. Be3 $146 ({Predecessor:} 10. Nc3 Ne7 11. Ne2 O-O 12. h4 {½-½ (37) Tobler,P (2154)-Egner,M (2188) ICCF email 2016}) 10... Ne7 11. Nc3 Bxd4 12. Bxd4 Qxd4 13. Qxb7 O-O 14. Qxc7 Rab8 (14... Nd5 $5 15. exd5 Qd3 $11) 15. O-O Rxb2 16. Qxe7 Qxc3 17. Kg2 Rc2 18. Rad1 Rxa2 {Hoping for ...Ra3.} 19. Rc1 Rc2 20. Rxc2 Qxc2 $11 {[%mdl 4096] Endgame KQR-KQR} 21. Ra1 Qc4 22. Qb7 Qb5 23. Qxa6 Qg5+ 24. Kf1 Qf6 25. Kg2 Rb8 26. Ra5 Rb3 $36 {[%mdl 2048] Black has some pressure.} 27. Qc8+ ({White should try} 27. Qe2 $1 $15) 27... Kg7 $17 28. Qg4 Rb5 $1 {[%cal Rb5a5]} 29. Rxb5 cxb5 {KQ-KQ} 30. Qd7 Qg5+ 31. Kf1 Qe5 32. h4 (32. Qb7 $15) 32... b4 {[%cal Bb5b4,Bb4b3][%mdl 32] Strongly threatening ...b3.} 33. Qb7 Qc3 34. e5 b3 35. Kg2 Qc4 $1 36. Qb6 h6 37. Kg3 Qd5 (37... h5 $1 $17 38. Qb7 Kg8 39. Qb8+ Kg7) 38. f4 $11 Kh7 39. Qb8 Qc4 {Black wants to play ...Qc3+.} 40. f3 $1 Qc3 41. Qf8 $1 Qc4 42. Qb8 Kg7 {White should prevent ...Qc3.} 43. Qb6 Qd5 44. Qb8 ({White should play} 44. Qb4 $1 $11) 44... Qd1 $15 {White must now prevent ...Qe1+.} 45. Qb7 Qg1+ 46. Kh3 Qe3 {Threatens to win with ...b2.} 47. Kg2 Qe2+ 48. Kg3 Qe1+ 49. Kg2 $2 {[#]} ({White has to play} 49. Kh3 $1 $15) 49... Qe3 $1 $19 50. Qb4 $2 {[#]} (50. Kf1) 50... g5 $1 51. hxg5 (51. fxg5 $142 hxg5 52. hxg5) 51... hxg5 52. fxg5 $2 (52. e6 Qe2+ 53. Kg3 gxf4+ 54. Kg4 Qxe6+ 55. Kxf4) 52... Qe2+ 53. Kg3 Qxe5+ $2 (53... b2 $19 54. e6 Qe5+ 55. Kg2 fxe6) 54. Kf2 Qh2+ 55. Ke3 Qg1+ 56. Kf4 $1 Qc1+ 57. Kg4 $1 Qe3 {...Kg6 is the strong threat.} 58. Kg3 $2 {[%mdl 8192]} (58. f4 $11) 58... Qxg5+ 59. Kf2 Qd5 60. Ke3 Kg6 (60... Kf6 $142 61. Ke2 Ke6) 61. Ke2 Kf6 (61... Kf5 $142 62. Qg4+ Ke5) 62. Ke3 (62. Kf2 $142 Qd3 63. Kg3) 62... Ke6 63. Qb6+ Kd7 64. Qa7+ Kc6 65. Qa6+ Kc5 66. Qa4 Qc4 67. Qa5+ Kc6 68. Qa1 Kb5 69. Qb2 Kb4 {Black mates.} ({Inferior is} 69... Qc2 70. Qxc2 bxc2 71. Kd2 $11) 70. Kd2 Qf4+ 71. Ke1 Qh4+ {Precision: White = 37%, Black = 69%.} 0-1

[Event "World Chess Candidates 2018"]
[Site "Berlin"]
[Date "2018.03.11"]
[Round "2"]
[White "Mamedyarov, Shakhriyar"]
[Black "Aronian, Levon"]
[Result "1/2-1/2"]
[WhiteElo "2809"]
[BlackElo "2794"]
[Annotator "TA"]
[PlyCount "48"]
[EventDate "2018.??.??"]
[EventType "tourn"]
[EventCountry "GER"]

{[%evp 17,48,13,21,18,10,2,26,22,23,37,20,12,12,12,7,5,3,11,13,0,0,0,0,0,0,0,0,0,0,0,0,0,0]} 1. d4 Nf6 2. c4 e6 3. Nc3 Bb4 4. Qc2 O-O 5. a3 Bxc3+ 6. Qxc3 d5 7. Bg5 h6 {E36: Nimzo-Indian: Classical: 4...d5 5 a3} 8. Bxf6 Qxf6 9. Nf3 c6 {LiveBook: 8 Games} 10. g3 $146 ({Predecessor:} 10. e3 Nd7 11. Be2 dxc4 12. Qxc4 e5 13. O-O exd4 14. Qxd4 Qxd4 15. Nxd4 {½-½ (65) Yu,Y (2751)-Ding,L (2777) Riadh 2017}) 10... Nd7 11. Bh3 b6 12. cxd5 cxd5 13. Qc6 Rb8 14. O-O {The position is equal.} Rd8 15. Rfc1 Ba6 16. Bf1 Bc4 $1 17. Qa4 a5 18. b3 b5 19. Qxa5 Bxb3 20. Rc7 Bc4 21. Qa7 Ra8 22. Qb7 Rab8 23. Qa7 Ra8 24. Qb7 Rab8 {Precision: White = 93%, Black = 81%.} 1/2-1/2

[Event "World Chess Candidates 2018"]
[Site "Berlin"]
[Date "2018.03.11"]
[Round "2"]
[White "Kramnik, Vladimir"]
[Black "Karjakin, Sergey"]
[Result "1/2-1/2"]
[WhiteElo "2800"]
[BlackElo "2763"]
[Annotator "TA"]
[PlyCount "109"]
[EventDate "2018.??.??"]
[EventType "tourn"]
[EventCountry "GER"]

{[%evp 27,109,14,4,0,0,0,0,0,0,8,21,21,28,14,29,23,27,24,22,19,30,26,34,0,0,0,0,5,7,9,30,0,23,0,0,0,0,0,0,0,0,0,0,0,0,0,14,0,8,0,0,0,0,0,1,1,8,8,12,-17,0,0,0,-15,0,-7,0,0,0,0,0,0,0,-4,-4,-6,-6,-41,-6,-6,0,0,0,0]} 1. e4 e5 2. Nf3 Nc6 3. Bb5 Nf6 4. O-O Nxe4 5. d4 Nd6 6. Bxc6 dxc6 7. dxe5 Nf5 8. Qxd8+ Kxd8 9. h3 Ke8 10. Nc3 h5 {C67: Ruy Lopez: Berlin Defence: 4 0-0 Nxe4} 11. Bf4 Be7 12. Rad1 Be6 13. Ng5 Rh6 14. Rfe1 Bb4 {LiveBook: 17 Games} 15. a3 Bxc3 16. bxc3 Ne7 17. Nf3 {[#]} Rh8 $146 18. Bg5 c5 19. Nd2 Kf8 20. Nf1 Nf5 21. g3 Ne7 22. Kg2 Nd5 23. c4 Nb6 24. Ne3 Nxc4 25. Nxc4 Bxc4 26. g4 hxg4 27. hxg4 Bb5 28. Kg3 Re8 29. f4 (29. Bd8 {seems wilder.} Rh6 30. Bxc7 Kg8 31. Bd6 b6 32. f4) 29... b6 30. f5 Ba4 31. Rc1 Kg8 32. c4 Bc6 33. Rcd1 Ba4 34. Rc1 Bc6 35. Bh4 Ba4 36. Rc3 Bc6 37. Rce3 Rh6 38. Bg5 Rh7 39. R3e2 Ba4 40. Re3 Rh8 41. Bh4 Rh6 42. e6 fxe6 43. g5 Rh8 44. Rxe6 Rf8 45. R6e5 Bc2 46. f6 gxf6 47. gxf6 {[#] Threatening mate with Rg5+.} Rh7 48. Rg5+ Kh8 49. Re7 Rg8 50. Rxh7+ Kxh7 51. Rxg8 Kxg8 52. Kf2 Bb3 {...Kf7 is the strong threat.} 53. Bg3 {The position is equal.} Bxc4 54. Bxc7 Bd5 55. Bb8 {Precision: White = 71%, Black = 59%.} 1/2-1/2

[Event "World Chess Candidates 2018"]
[Site "Berlin"]
[Date "2018.03.11"]
[Round "2"]
[White "Ding, Liren"]
[Black "Caruana, Fabiano"]
[Result "1/2-1/2"]
[WhiteElo "2769"]
[BlackElo "2784"]
[Annotator "TA"]
[PlyCount "91"]
[EventDate "2018.??.??"]
[EventType "tourn"]
[EventCountry "GER"]

{[%evp 21,91,26,23,20,18,12,16,20,32,7,31,6,14,6,6,3,6,6,7,0,7,2,71,0,2,0,55,56,56,22,34,40,32,0,0,0,0,0,0,0,0,0,0,0,0,0,0,-16,-27,-29,0,0,3,0,0,8,2,0,83,0,0,0,94,0,0,0,0,0,0,0,0,0]} 1. d4 Nf6 2. c4 e6 3. Nf3 d5 4. g3 Be7 5. Bg2 O-O 6. O-O dxc4 7. Qc2 b6 {E05: Open Catalan: 5 Nf3 Be7} 8. Ne5 Qxd4 9. Bxa8 Qxe5 10. Bf3 Nd5 11. Qxc4 Ba6 {LiveBook: 3 Games} 12. Qb3 $146 ({Predecessor:} 12. Qa4 c5 13. Re1 b5 14. Qe4 Nc6 15. Nc3 {½-½ (37) Aronian,L (2799)-Hou,Y (2652) Tbilisi 2017}) 12... Nc6 {And now ...Nd4 would win.} 13. Qa4 Bb7 {[#]} 14. Nc3 $1 {[%mdl 512]} Nd4 {White must now prevent ...Nxc3.} ({Of course not} 14... Nxc3 $6 15. bxc3 Na5 16. Bf4 $16) 15. Bxd5 $1 exd5 16. Bf4 Qf6 $1 17. Rad1 ({Reject} 17. Qxa7 Qc6 $17) 17... c5 18. Be3 {[%cal Re3d4] [#]} Nf3+ $1 {[%mdl 512]} 19. exf3 d4 20. f4 {[%cal Re3d4] aiming for Bxd4.} dxc3 21. bxc3 {[%cal Bb2c3,Bc3c4][%mdl 32]} Bf3 (21... Qe6 $11 {remains equal.}) 22. Rd3 (22. Qxa7 $16 {Threatening Rd2.} Ra8 23. Qc7) 22... Bc6 $11 23. Qb3 ({Wrong is} 23. Qxa7 $2 Qf5 $19) 23... Qf5 (23... Be4 $11 24. Rd2 Qc6) 24. c4 $1 $14 Be4 25. Rd2 Qh5 {( -> ...Qf3)} 26. f3 $1 {[%cal Rf3e4]} Bxf3 27. f5 Bc6 28. Qd1 Qh3 29. Rff2 h6 30. Qf1 Qg4 31. Rf4 Qg5 32. Rd3 Qf6 33. Bd2 {Hoping for Bc3.} Ba8 34. h4 Qc6 35. Kh2 Bd6 36. Rf2 Be5 37. Bc3 Bxc3 38. Rxc3 Re8 39. f6 g6 {[#]} (39... Re4 $1 $11) 40. Rcc2 (40. Rd3 $1 $16) 40... Re4 $11 41. Rfe2 Qe6 {[#]} (41... Qd6 $11 42. Rxe4 Bxe4) 42. Rxe4 (42. Qe1 $1 $16) 42... Bxe4 {The position is equal.} 43. Rf2 Bf5 44. Qc1 Kh7 45. Qc3 h5 46. a3 {Precision: White = 63%, Black = 67%.} 1/2-1/2

[Event "World Chess Candidates 2018"]
[Site "Berlin"]
[Date "2018.03.11"]
[Round "2"]
[White "Grischuk, Alexander"]
[Black "So, Wesley"]
[Result "1-0"]
[WhiteElo "2767"]
[BlackElo "2799"]
[Annotator "TA"]
[PlyCount "87"]
[EventDate "2018.??.??"]
[EventType "tourn"]
[EventCountry "GER"]

{[%evp 16,87,10,19,13,18,23,14,15,19,36,45,51,47,32,41,41,7,0,0,72,72,120,129,132,104,129,119,187,144,422,422,418,414,506,510,528,504,492,412,381,404,525,514,491,478,470,455,482,462,650,629,787,487,485,194,206,0,493,493,545,543,579,0,509,513,468,368,445,431,962,897,948,543]} 1. e4 e5 2. Nf3 Nc6 3. Bb5 {[%cal Bf1b5,Bb5a4,Ba4b3][%mdl 32]} a6 4. Ba4 Nf6 5. O-O Be7 6. d3 b5 7. Bb3 d6 8. c3 O-O 9. h3 {LiveBook: 30 Games. C84: Closed Ruy Lopez: Unusual White 6th moves} (9. Re1 Na5 10. Bc2 c5 11. Nbd2 Re8 12. Nf1 Nc6 13. Ne3 Bf8 14. a4 b4 15. Nd5 h6 16. a5 Nxd5 17. exd5 Nxa5 18. Ba4 Re7 19. Nd2 Rb8 20. c4 Nb7 21. Ne4 f5 22. Ng3 {1-0 (43) Carlsen,M (2837)-Ding,L (2774) Saint Louis 2017}) 9... Bb7 10. Nbd2 Re8 11. Ng5 {White has an edge.} Rf8 $1 12. Re1 d5 $146 ({Find the theoretical novelty and annotate with similar games:} 12... h6 13. Ngf3 Re8 14. Nf1 Bf8 15. Ng3 g6 16. Nh4 d5 17. exd5 Na5 18. d6 Qxd6 19. Nxg6 Nxb3 20. Qxb3 Bd5 21. c4 fxg6 22. cxd5 Qxd5 {1-0 (64) Vu,P (2090)-Nguyen,V (2195) Hue 2012}) 13. exd5 Nxd5 14. Ndf3 Qd7 15. d4 exd4 16. cxd4 $40 {[%mdl 128] White has some attack.} (16. Qd3 $5 {[%cal Rd3h7]} Nf6 17. cxd4 $14) 16... h6 17. Ne4 Rfe8 (17... Rad8 $11 {keeps the balance.}) 18. Bd2 $16 Nf6 19. Rc1 $1 {[%cal Rc1c6] Threatens to win with Rxc6!} Nxe4 20. Rxe4 Bf6 21. Rg4 $1 Kh8 (21... Rad8 $16) 22. Rc5 $1 $18 {Qc1 is the strong threat.} Rad8 $2 {[%mdl 8192]} (22... Bxd4 $2 23. Nxd4 Nxd4 24. Be3 $18) (22... Ne7 $16 {was called for.}) 23. Qc1 {Strongly threatening Bxh6!} Nxd4 24. Nxd4 {aiming for Bxh6!} (24. Rxd4 Bxd4 25. Rxc7 Bxb2 $1 $11 {[%mdl 512]}) 24... Re4 (24... Bxd4 25. Bxh6 $1 {[%mdl 512]} Kg8 26. Rcg5 (26. Rxc7 Qxc7 27. Qxc7 Re1+ 28. Kh2 Be5+ 29. Qxe5 Rxe5 $16)) 25. Rxc7 ({Less strong is} 25. Rxe4 Bxe4 26. Nc6 (26. Rxc7 Qxd4 27. Bc3 Qb6 $16) 26... Bxc6 $16) 25... Qxd4 26. Be3 ({Worse is} 26. Rxb7 Rxg4 27. Rxf7 Qxd2 $11) 26... Rxg4 27. hxg4 Qe4 {[%csl Gb7][%cal Re4g2]} 28. f3 {[%cal Bf2f3,Bf3f4][%mdl 32]} Qb4 29. Rxb7 Bxb2 30. Qf1 ({Weaker is} 30. Qxb2 Qe1+ 31. Kh2 Qh4+ 32. Kg1 Qe1+ 33. Kh2 Qh4+ 34. Kg1 Qe1+ $11) 30... f6 31. Qf2 Be5 32. f4 Bd6 (32... Bd4 $142 33. Bxd4 Qxd4) 33. g5 Qe4 34. Qf3 Qb1+ 35. Qf1 (35. Kf2 $142) 35... Qe4 {[#]} 36. Qf3 $2 (36. Bb6 $1 {[%cal Rb6d8]} Rf8 37. Rd7) 36... Qb1+ $1 37. Kf2 Bb4 {[%csl Gb4][%cal Rb1e1]} 38. Qe2 Qe4 39. Qf3 Qb1 {[%csl Gb4][%cal Rb1e1]} 40. Kg3 fxg5 41. Kh2 Qf5 42. Rf7 {White is clearly winning.} Qg6 (42... g4 $142 43. Rxf5 gxf3 44. gxf3 Bd2) 43. fxg5 Bd6+ 44. Kh3 {Precision: White = 68%, Black = 38%.} 1-0

[Event "World Chess Candidates 2018"]
[Site "Berlin"]
[Date "2018.03.12"]
[Round "3"]
[White "So, Wesley"]
[Black "Ding, Liren"]
[Result "1/2-1/2"]
[WhiteElo "2799"]
[BlackElo "2769"]
[Annotator "TA"]
[PlyCount "73"]
[EventDate "2018.??.??"]
[EventType "tourn"]
[EventCountry "GER"]

{[%evp 34,73,19,16,21,16,41,18,27,22,21,26,22,29,31,22,22,20,21,9,10,11,27,24,22,18,22,12,26,26,26,26,31,23,23,34,39,35,35,35,39,26]} 1. e4 e5 2. Nf3 Nc6 3. Bb5 a6 4. Ba4 Nf6 5. O-O Be7 6. Re1 b5 7. Bb3 O-O 8. c3 d5 9. exd5 Nxd5 10. Nxe5 Nxe5 11. Rxe5 c6 12. Re1 Bd6 13. d3 Bf5 14. Qf3 Qh4 {C89: Closed Ruy Lopez: Marshall Attack} 15. g3 Qh3 16. Be3 Bxd3 17. Nd2 Qf5 18. Bd4 {LiveBook: 20 Games} Rfd8 (18... Rfe8 19. a4 h6 20. Qxf5 Bxf5 21. Nf3 Be6 22. Be5 {½-½ (30) Caruana,F (2811)-Svidler,P (2768) Wijk aan Zee 2018}) 19. a4 h6 {[#]} 20. h4 $146 (20. Kg2 {NOTEXT} Rac8 21. Qxf5 Bxf5 22. Bxd5 cxd5 23. axb5 axb5 24. b4) ({Find the theoretical novelty and annotate with similar games:} 20. Kg2 Bf8 21. Re5 Qxf3+ 22. Kxf3 {½-½ (48) Alekseenko,K (2609)-Matlakov,M (2709) Moscow 2018}) 20... Rac8 21. axb5 axb5 22. Bxd5 cxd5 23. Qxf5 Bxf5 24. Ra5 b4 25. Rxd5 Be6 26. Ra5 bxc3 27. Bxc3 Rb8 28. Nf1 Bb4 29. Raa1 Bc5 30. Ne3 Rd3 31. Red1 Rbd8 32. Rxd3 Rxd3 33. Rd1 Rxd1+ 34. Nxd1 Bb3 {White is slightly better.} 35. Ne3 Bxe3 36. fxe3 Kf8 37. Kf2 {Precision: White = 77%, Black = 75%.} 1/2-1/2

[Event "World Chess Candidates 2018"]
[Site "Berlin"]
[Date "2018.03.12"]
[Round "3"]
[White "Aronian, Levon"]
[Black "Kramnik, Vladimir"]
[Result "0-1"]
[WhiteElo "2794"]
[BlackElo "2800"]
[Annotator "TA"]
[PlyCount "54"]
[EventDate "2018.??.??"]
[EventType "tourn"]
[EventCountry "GER"]

{[%evp 12,54,31,-30,-33,-55,0,-72,-29,-64,-68,-70,-64,-92,-62,-63,-58,-62,-32,-85,-72,-94,-98,-81,-89,-363,-337,-727,-720,-683,-636,-1080,-1055,-1032,-1029,-1428,-1396,-29990,-29991,-29991,-29992,-29992,-29993,-29995,-29996]} 1. e4 e5 2. Nf3 Nc6 3. Bb5 Nf6 4. d3 Bc5 5. Bxc6 dxc6 6. O-O {C65: Ruy Lopez: Berlin Defence (3...Nf6), unusual lines and 4 0-0 Bc5} (6. Nc3 O-O 7. Be3 Bd6 8. Bg5 Re8 9. h3 c5 10. Nd5 Be7 11. Nxe7+ Qxe7 12. O-O h6 13. Be3 Nd7 14. Nd2 {1-0 (29) Carlsen,M (2837)-Karjakin,S (2760) Riadh 2017}) 6... Qe7 7. h3 {LiveBook: 4 Games} ({White should try} 7. Nbd2 $14) 7... Rg8 $1 $11 8. Kh1 {Black is slightly better.} Nh5 $146 (8... h6 $15) ({Predecessor:} 8... h6 9. Nbd2 g5 10. Nc4 Bd6 11. d4 Nxe4 12. dxe5 Bc5 13. Qe2 f5 {0-1 (56) Kazoks,A (2345)-Calio,M (2334) ICCF email 2015}) 9. c3 {[#]} (9. Nc3 $11) 9... g5 $1 $17 {[%cal Bg7g5,Bg5g4][%mdl 32] Strongly threatening ...g4.} 10. Nxe5 g4 $1 11. d4 Bd6 $1 12. g3 $1 Bxe5 13. dxe5 Qxe5 {And now ...Nxg3+! would win.} 14. Qd4 Qe7 15. h4 {[#]} (15. Be3 $15) 15... c5 $1 {[%cal Rc5d4]} 16. Qc4 Be6 $36 {[%mdl 2048] Black is really pushing.} 17. Qb5+ c6 18. Qa4 $2 {[%mdl 8192]} (18. Qd3 $17) 18... f5 $19 {[%cal Bf7f5,Bf5f4,Bf4g3,Bg3g2][%mdl 32]} 19. Bg5 $2 (19. Qd1 f4 20. Kh2) 19... Rxg5 20. hxg5 f4 21. Qd1 Rd8 22. Qc1 fxg3 23. Na3 Rd3 24. Rd1 Bd5 {Black mates.} 25. f3 gxf3 26. exd5 Qe2 {[%csl Gg3][%cal Re2h2]} 27. Re1 g2+ {Precision: White = 27%, Black = 89%.} 0-1